000 00675nam a22002177a 4500
001 000549
003 DO-SdBNP
005 20161012112816.0
007 000549
008 161012b 2000 a ||||| |||| 00| 0 spa d
020 _a0030544661
040 _aBPMSU
_bspa
_cBPMSU
092 _axxxxx
_bxxxxx
100 1 _aHelgren, David M.
245 0 0 _aWorld geography today /
_cDavid M. Helgren and Robert J. Sager.
260 _aAustin [TX] :
_bHolt, Rinehart and Winston : Harcourt Brace & Co.,
_c2000.
300 _axviii, A1-22, S1-17, 690 p. :
_bil., mapas ;
_c29 cm.
700 1 _aSager, Robert J.
942 _2ddc
_cBK
956 _2LOPEREZ
_310
_620161012
_8BPMSU
_a00041
999 _c11552
_d11552